Normal view MARC view
  • Samuel Y. Liao

Entry Personal Name

Number of records used in: 2

001 - CONTROL NUMBER

  • control field: 113806

003 - CONTROL NUMBER IDENTIFIER

  • control field: NUST

005 - DATE AND TIME OF LATEST TRANSACTION

  • control field: 20230725102717.0

008 - FIXED-LENGTH DATA ELEMENTS

  • fixed length control field: 230725|| aca||aabn | a|a d

040 ## - CATALOGING SOURCE

  • Original cataloging agency: NUST
  • Transcribing agency: NUST

100 ## - HEADING--PERSONAL NAME

  • Personal name: Samuel Y. Liao

670 ## - SOURCE DATA FOUND

  • Source citation: Work cat.: (NUST)189620: Samuel Y. Liao, Microwave Devices and Circuits /, 1990
© 2023 Central Library, National University of Sciences and Technology. All Rights Reserved.